[Event "Chigorin Memorial 12th"]
[Site "St Petersburg"]
[Date "2004.10.20"]
[Round "5"]
[White "Kopasov, Evgeny Aleksandrovi"]
[Black "Tovmasian, Sergey"]
[Result "1-0"]
[WhiteElo "2134"]
[BlackElo "1975"]
[PlyCount "93"]
[EventDate "2004.10.16"]
[EventType "swiss"]
[EventRounds "9"]
[EventCountry "RUS"]
[SourceTitle "EXT 2005"]
[Source "ChessBase"]
[SourceDate "2004.11.15"]
[SourceVersion "1"]
[SourceVersionDate "2004.11.15"]
[SourceQuality "1"]

1. d4 Nf6 2. c4 g6 3. Nc3 Bg7 4. e4 0-0 5. Be3 d6 6. f3 e5 7. d5 Nh5 8. Qd2 f5 9. 0-0-0 a5 10. Bd3 Nd7 11. exf5 gxf5 12. Nge2 Nc5 13. Bc2 Qh4 14. b3 a4 15. g3 Qe7 16. b4 Na6 17. a3 Bd7 18. Bh6 Nf4 19. Bxg7 Nxe2+ 20. Qxe2 Qxg7 21. Qd2 e4 22. Rhf1 b5 23. cxb5 Nxb4 24. axb4 a3 25. Qd4 Qh6+ 26. Kb1 a2+ 27. Ka1 Qxh2 28. Rf2 Qh6 29. fxe4 fxe4 30. Rdf1 Rxf2 31. Qxf2 Qg7 32. Qf6 Qxf6 33. Rxf6 e3 34. Bxh7+ Kg7 35. Rf4 Ra3 36. Rc4 Kxh7 37. Rxc7 Kg6 38. Rxd7 Rxc3 39. Rxd6+ Kf5 40. Kxa2 Ke4 41. Kb2 Kd4 42. Re6 Rc4 43. Kb3 Rc3+ 44. Ka4 Kxd5 45. b6 Rc8 46. Rxe3 Rb8 47. Kb5 1-0